000 00405nam a2200133Ia 4500
008 151015s9999 xx 000 0 und d
050 _aPR 541 .C36 1993
245 _aCorn N.Thomas
250 _a_The cambridge companion to English poetry Donne to marvell Thomas N. Corns
300 _aNew york Cambridge 1993
500 _aIncludes Index
650 _a_Poetry
700 _a^d20110331 11:29:11^okorir
999 _c1700
_d1700